Pierwiastki #1 - Statystyki

Ogólne statystyki
  • Ten quiz został rozwiązany 13 razy
  • Średni wynik to 28 z 40
Statystyki odpowiedzi
Zagadnienie Komórka Select % Poprawnych
Pierwiastki, które w temperaturze pokojowej są w stanie ciekłym. Rubid Nie
100%
Pierwiastki, których symbol chemiczny zaczyna się od litery "A". Azot Nie
90%
Pierwiastki, których symbol chemiczny zaczyna się od litery "A". Glin Tak
90%
Pierwiastki odkryte przez Polaków. Kiur Nie
90%
Pierwiastki odkryte przez Polaków. Polon Tak
90%
Pierwiastki odkryte przez Polaków. Rad Tak
90%
Pierwiastki odkryte przez Polaków. Rod Nie
90%
Pierwiastki, które w temperaturze pokojowej są w stanie ciekłym. Rtęć Tak
90%
Pierwiastki, które w temperaturze pokojowej są w stanie ciekłym. Siarka Nie
90%
Pierwiastki, które wchodzą w skład dwucukru sacharozy (cukru spożywczego). Węgiel Tak
90%
Pierwiastki, których symbol chemiczny zaczyna się od litery "A". Złoto Tak
90%
Pierwiastki, które są gazami szlachetnymi. Argon Tak
80%
Pierwiastki, które wchodzą w skład dwucukru sacharozy (cukru spożywczego). Azot Nie
80%
Pierwiastki, które w temperaturze pokojowej są gazami. Azot Tak
80%
Pierwiastki, które są promieniotwórcze. Fosfor Nie
80%
Pierwiastki, które w temperaturze pokojowej są gazami. Hel Tak
80%
Pierwiastki, które są promieniotwórcze. Hel Nie
80%
Pierwiastki, które są gazami szlachetnymi. Ksenon Tak
80%
Pierwiastki, które są promieniotwórcze. Polon Tak
80%
Pierwiastki, które są gazami szlachetnymi. Tlen Nie
80%
Pierwiastki, które są promieniotwórcze. Uran Tak
80%
Pierwiastki, które w temperaturze pokojowej są gazami. Wodór Tak
80%
Pierwiastki, których symbol chemiczny zaczyna się od litery "A". Antymon Nie
70%
Pierwiastki, które nie występują naturalnie na Ziemi. Beryl Nie
70%
Pierwiastki, które w temperaturze pokojowej są w stanie ciekłym. Brom Tak
70%
Pierwiastki, które nie występują naturalnie na Ziemi. Cyrkon Nie
70%
Pierwiastki, które nie występują naturalnie na Ziemi. Krzem Nie
70%
Pierwiastki, które nie występują naturalnie na Ziemi. Oganeson Tak
70%
Pierwiastki, które w kontakcie z wodą mogą prowadzić do zapłonu i wybuchu. Tlen Nie
70%
Pierwiastki, które w temperaturze pokojowej są gazami. Argon Tak
60%
Pierwiastki, które wchodzą w skład dwucukru sacharozy (cukru spożywczego). Wodór Tak
60%
Pierwiastki, które znajdziemy w ludzkim włosie. Żelazo Tak
60%
Pierwiastki, które w kontakcie z wodą mogą prowadzić do zapłonu i wybuchu. Siarka Nie
50%
Pierwiastki, które w kontakcie z wodą mogą prowadzić do zapłonu i wybuchu. Sód Tak
50%
Pierwiastki, które znajdziemy w ludzkim włosie. Węgiel Tak
50%
Pierwiastki, które są gazami szlachetnymi. Hel Tak
40%
Pierwiastki, które wchodzą w skład dwucukru sacharozy (cukru spożywczego). Tlen Tak
40%
Pierwiastki, które znajdziemy w ludzkim włosie. Siarka Tak
30%
Pierwiastki, które w kontakcie z wodą mogą prowadzić do zapłonu i wybuchu. Rubid Tak
20%
Pierwiastki, które znajdziemy w ludzkim włosie. Azot Tak
0%
Nie znaleziono quizów pasujących do podanych kryteriów
Rozkład punktacji
Procent ludzi z każdym wynikiem
Percentyl według liczby udzielonych odpowiedzi
Twoja historia wyników
Nie rozwiązałeś tego quizu